Simposio Nacional puesta en valor del patrimonio documental de la Intendencia del Cusco y su catalogación para el análisis histórico / (Record no. 21130)

000 -CABECERA
fixed length control field 01353nam a22002417a 4500
003 - IDENTIFICADOR DEL NÚMERO DE CONTROL
control field AR-CdUCM
008 - DATOS DE LONGITUD FIJA--INFORMACIÓN GENERAL
fixed length control field 191217b ||||| |||| 00| 0 eng d
040 ## - FUENTE DE LA CATALOGACIÓN
Agencia/entidad que catalogó originalmente la obra MUNICIPALIDAD PROVINCIAL DEL CUSCO
Entidad que transcribió la catalogación BIBLIOTECA MUNICIPAL DEL CUSCO
082 ## - NÚMERO DE LA CLASIFICACIÓN DECIMAL DEWEY
No. de Clasificación 025.3 / UN61
Notacion interna UN61
245 ## - MENCIÓN DE TÍTULO
Título Simposio Nacional puesta en valor del patrimonio documental de la Intendencia del Cusco y su catalogación para el análisis histórico /
260 ## - PUBLICACIÓN, DISTRIBUCIÓN, ETC.
Lugar de publicación, distribución, etc. Cusco :
Nombre de la editorial, distribuidor, etc. Inaudi,
Fecha de publicación, distribución, etc. 2019.
300 ## - DESCRIPCIÓN FÍSICA
Nº de Páginas Extensión 120 páginas ;
Dimensiones 15x20 cm.
505 ## - NOTA DE CONTENIDO CON FORMATO
Nota de contenido formateada Contenido: La intendencia del Cuzco (1784-1824) y su importancia para la historia regional. Santiago Tácunan Bonifacio -- Conservación preventiva: comprensión y aplicación en la gestión documental. Nicolas Díaz Sánchez -- Propuesta metodológica correspondiente al proyecto “puesta en valor del patrimonio documental de la intendencia del Cusco y su catalogación para el análisis histórico”. Fernando Valle Rondón. ….<br/>
650 ## - PUNTO DE ACCESO ADICIONAL DE MATERIA--TÉRMINO DE MATERIA
Descriptor Archivos históricos
9 (RLIN) 44088
650 ## - PUNTO DE ACCESO ADICIONAL DE MATERIA--TÉRMINO DE MATERIA
Descriptor Fuentes documentales
9 (RLIN) 44089
650 ## - PUNTO DE ACCESO ADICIONAL DE MATERIA--TÉRMINO DE MATERIA
Descriptor Patrimonio documental
9 (RLIN) 44090
650 ## - PUNTO DE ACCESO ADICIONAL DE MATERIA--TÉRMINO DE MATERIA
Descriptor Intendencia del Cusco
9 (RLIN) 3258
650 ## - PUNTO DE ACCESO ADICIONAL DE MATERIA--TÉRMINO DE MATERIA
Descriptor catalogación documentaria
9 (RLIN) 44091
710 ## - PUNTO DE ACCESO ADICIONAL--NOMBRE DE ENTIDAD CORPORATIVA
Nombre corporativo (En letras Mayúsculas) Universidad Nacional de San Antonio Abad del Cusco
9 (RLIN) 15942
710 ## - PUNTO DE ACCESO ADICIONAL--NOMBRE DE ENTIDAD CORPORATIVA
Nombre corporativo (En letras Mayúsculas) Escuela Profesional de Historia
9 (RLIN) 44092
942 ## - ELEMENTOS DE PUNTO DE ACCESO ADICIONAL (KOHA)
Fuente de clasificación
Tipo de item Libros-BMC
945 ## - PROCESAMIENTO DE INFORMACIÓN LOCAL (OCLC)
Catalogador Roel
AAAA-MM-DD - Fecha de ingreso o modificacion 17-12-2019
Holdings
Estado de retiro (separado) Fuente de clasificación o esquema de estanterías Estado dañado Ubicación Sala donde se ubica Nombre de la colección Fecha de adquisición o compra Fuente de adquisición Costo, precio normal en soles Signatura topográfica Código de Barras Última vez visto (Koha) Tipo de ítem (Koha)
No     Sala Humanidades Sala Humanidades Book Cart 2019-12-17 Donación 10.00 025.3 / UN61 SH0000015596 2019-12-17 Libros-BMC
No     Sala Humanidades Sala Humanidades Book Cart 2019-12-17 Donación 10.00 025.3 / UN61 /e.2 SH0000015597 2019-12-17 Libros-BMC

Powered by Koha